LEADER 01788nam a2200301 u 4500 001 000000052841 003 CaOOAMICUS 005 20070226115508.0 008 001026s1969 it u000 u ita u 035 $a10859504 040 $aPUL(R)$bita 110 1 $aItalia.$0(OLS)http://pul/name/1188 240 10$aLegge 5 giugno 1967, n. 431.$0(OLS)http://pul/title/70863 245 12$aL'adozione speciale :$bmanuale pratico per l'applicazione della legge 5 giugno 1967, n. 431 /$c[a cura di Sergio Ciano ... [et al.]]. 260 $aRoma :$bAmministrazione per le attivitą assistenziali italiane e internazionali,$c1969. 300 $a193 p. ;$c21 cm 490 1 $aSussidi tecnici per i servizi sociali ;$vFasc. 14 500 $aInclude indici. 504 $aBibliografia: p. 183-188. 505 0 $aSez. prima: Compiti ed obblighi delle istituzioni pubbliche o private di protezione o assistenza all'infanzia degli organi di vigilanza, dei cittadini -- Sez. seconda: Compiti e funzioni del giudice tutelare -- Sez. terza: Compiti e funzioni del tribunale per i minorenni -- Sez. quarta: Compiti dei servizi sociali. 650 4$aAdozione e affiliazione.$0(OLS)http://pul/subject/13625 700 1 $aCiano, Sergio.$0(OLS)http://pul/name/37643 830 0$aSussidi tecnici per i servizi sociali ;$vFasc. 14.$0(OLS)http://pul/title/70865 850 $aPUL 852 $aPUL$W1$xDP1 Fondo Ciprotti$y59$m1543 E 56$j69785$nBK-PRI$b $qFondi$B69785$CPULBib$Z2$F69785 $H $81 941 1 $a1 996 $6245$aL'adozione speciale :$bmanuale pratico per l'applicazione della legge 5 giugno 1967, n. 431$9(OLS)http://pul/title/70864 996 $6260$aRoma :$bAmministrazione per le attivitą assistenziali italiane e internazionali$9(OLS)http://pul/publisher/68401 LEADER 01246nam a2200301 u 4500 001 000000063530 003 CaOOAMICUS 005 20070226121244.0 008 011030s1978 it u000 u ita u 035 $a10908225 040 $aPUL(R)$bita 100 1 $aSalvoni, Fausto.$0(OLS)http://pul/name/43088 245 10$aConfessione e perdono dei peccati /$cFausto Salvoni. 260 $aGenova :$bEditrice Lanterna,$cc1978. 300 $a150 p. ;$c22 cm 490 1 $aDal cristianesimo al cattolicesimo ;$v4 490 1 $aBiblioteca di studi storico-teologici ;$v5 500 $aBibliografia in nota. 650 4$aConfessione.$0(OLS)http://pul/subject/3061 650 4$aPerdono.$0(OLS)http://pul/subject/20240 830 0$aDal cristianesimo al cattolicesimo ;$v4.$0(OLS)http://pul/title/84707 830 0$aBiblioteca di studi storico-teologici ;$v5.$0(OLS)http://pul/title/84708 850 $aPUL 852 $aPUL$W1$xSL Religione 1$y3$m73 M 35$j82443$nBK-PRI$b $qStampati$B82443$CPULBib$Z2$F82443 $H $81 941 1 $a8 961 $aINV: 41195 996 $6245$aConfessione e perdono dei peccati$9(OLS)http://pul/title/84709 996 $6260$aGenova :$bEditrice Lanterna$9(OLS)http://pul/publisher/68236